000 01495nam a2200229Ia 4500
003 Ost
005 20260507075742.0
008 260507s9999||||xx |||||||||||||| ||und||
040 _cfsecg
041 _aara
082 _a330
100 _aحسن، نافعة
_eمؤلف
245 0 _aالتنظيم الدولي /
_c نافعة حسن
260 _aالقاهرة:
_bمكتبة الشروق الدولية,
_c2004
300 _a540 صفحة؛
_bإيضاحات ؛
_c24 سم
504 _aببليوغرافيا: ص514
520 _aمرحلة التكوين والميلاد- الميثاق رؤية تحليلية- الأمم التحدة منظمة دولية- علاقة الامم المتحدة بالمنظمات الإقليمية- علاقة الامم المتحدة مع المنظمات المتخصصة- الأمم المتحدة غير الحكومية- معارضة الامم المتحدة في زمن الحرب الباردة- إدارة الأزمات الدولية- تصفية الإستعمار- المشكلات الإقتصادية والإجتماعية- الأمم المتحدة في النظام العالمي الجديد- نظام للامن الجماعي أم لإدارة الفوضى الضائعة- مستقبل الأمم المتحدة بين الواقع والطموح
653 _aالأمم المتحدة
653 _aالتنظيم الدولي
700 _aعبد العال، محمد شوقي
_eمؤلف ثانوي
942 _cكتاب
999 _c46147
_d46147